NASCAR winners of the 90's - Statistics

General Stats
  • This quiz has been taken 150 times
  • The average score is 19 of 29
Answer Stats
Hint Answer % Correct
35 Dale Earnhardt
100%
49 Jeff Gordon
95%
12 Bobby Labonte
89%
33 Rusty Wallace
89%
11 Terry Labonte
88%
6 Kyle Petty
83%
30 Mark Martin
83%
13 Davey Allison
80%
5 Darrell Waltrip
78%
3 Tony Stewart
76%
8 Bill Elliott
72%
22 Dale Jarrett
70%
4 Alan Kulwicki
67%
6 Sterling Marlin
64%
15 Ernie Irvan
62%
10 Ricky Rudd
61%
11 Jeff Burton
59%
1 Ward Burton
59%
2 Derrike Cope
58%
1 Brett Bodine
55%
11 Geoff Bodine
55%
8 Harry Gant
54%
2 Ken Schrader
54%
3 Bobby Hamilton
41%
2 Jimmy Spencer
39%
1 Jeremy Mayfield
37%
1 Joe Nemechek
37%
2 Morgan Shepherd
37%
2 John Andretti
32%
No matching quizzes found
Score Distribution
Percent of People with Each Score
Percentile by Number Answered
Your Score History
You have not taken this quiz